|
ห้องสมุด วิทยาลัยพยาบาลบรมราชชนนี อุดรธานี
Boromarajonani College of Nursing, Udonthani
|


|
mysqli: Table './ulib2015/stat_globaluid' is marked as crashed and last (automatic?) repair failed
select id from stat_globaluid where statuid='20260418000335_4482'
mysqli: Table './ulib2015/stat_globaluid' is marked as crashed and last (automatic?) repair failed
DELETE FROM stat_globaluid
WHERE id NOT IN (
SELECT id
FROM (
SELECT id
FROM stat_globaluid
ORDER BY id DESC
LIMIT 100
) foo
);
mysqli: Table './ulib2015/stat_globaluid' is marked as crashed and last (automatic?) repair failed
insert into stat_globaluid set
statuid='20260418000335_4482',
dt='1776445415',
phpself='/ULIB/dublinfull.php',
agent='Mozilla/5.0 AppleWebKit/537.36 (KHTML, like Gecko; compatible; ClaudeBot/1.0; +claudebot@anthropic.com)',
yea='2026',
mon='4',
dat='18',
ip='216.73.216.55'
| LEADER 00000nam 2200000 a 4500 |
| 001 13399120828 |
| 003 ULIBM |
| 008 170614s2548 th a 000 0 tha d |
| 020 ^a9745717819
|
| 050 4 ^aHN316^bย152ม^c2548
|
| 100 0 ^aยศ สันตสมบัติ
|
| 245 ^a ^a1111 |
| 250 ^aพิมพ์ครั้งที่ 3 แก้ไขเพิ่มเติม
|
| 300 ^a292, [1] หน้า :^bภาพประกอบ
|
| 500 ^a ^"หนังสือตำราที่ได้รับรางวัลโครงการส่งเสริมการสร้างตำรามหาวิทยาลัยธรรมศาสตร์ และรางวัลมูลนิธิโตโยต้าประเทศไทย(TTF Award)
|
| 650 7 ^aมนุษย์กับวัฒนธรรม
|
| 650 7 ^aชาติพันธุ์วิทยา
|
| 650 7 ^aมนุษย์
|
| 650 7 ^aวัฒนธรรม
|
| 945 ^p170^l0^i40106
|
| 945 ^p170^l0^i40107
|
| 945 ^p170^l0^i40108
|
| 945 ^p170^l0^i40109 |
| 999 ^aพรปวีณ์
|
| คุณยังไม่ได้ล็อกอิน คุณสามารถมีกิจกรรมร่วมกับเว็บไซต์ได้ แต่ต้องล็อกอินก่อน :: |
|
| ลำดับที่ |
ประเภท |
เลขเรียก/บาร์โค้ด |
สถานที่ |
สถานะ |
| 1. |
 หนังสือภาษาไทย | HN316 ย152ม 2548 Barcode: 40106 | หนังสือทั่วไป | On Shelf |
| 2. |
 หนังสือภาษาไทย | HN316 ย152ม 2548 ฉ.2 Barcode: 40107 | หนังสือทั่วไป | On Shelf |
| 3. |
 หนังสือภาษาไทย | HN316 ย152ม 2548 ฉ.3 Barcode: 40108 | หนังสือทั่วไป | On Shelf |
| 4. |
 หนังสือภาษาไทย | HN316 ย152ม 2548 ฉ.4 Barcode: 40109 | หนังสือทั่วไป | On Shelf |
| [แสดง 4/4 รายการ] |
mysqli: Can't create/write to file '/var/tmp/#sql_59d_0.MAI' (Errcode: 2)
select * from index_db where titl like '%มนุษย์กับวัฒนธรรม / ยศ สันตสมบัติ%' and mid<>'13399120828' order by rand() limit 3
mysqli: Can't create/write to file '/var/tmp/#sql_59d_0.MAI' (Errcode: 2)
select * from index_db where auth like '%ยศ สันตสมบัติ%' and mid<>'13399120828' order by rand() limit 3
mysqli: Can't create/write to file '/var/tmp/#sql_59d_0.MAI' (Errcode: 2)
select * from index_db where subj like '%มนุษย์กับวัฒนธรรม%' and mid<>'13399120828' order by rand() limit 3
mysqli: Can't create/write to file '/var/tmp/#sql_59d_0.MAI' (Errcode: 2)
select * from index_db where subj like '%ชาติพันธุ์วิทยา%' and mid<>'13399120828' order by rand() limit 3
mysqli: Can't create/write to file '/var/tmp/#sql_59d_0.MAI' (Errcode: 2)
select * from index_db where subj like '%มนุษย์%' and mid<>'13399120828' order by rand() limit 3
mysqli: Can't create/write to file '/var/tmp/#sql_59d_0.MAI' (Errcode: 2)
select * from index_db where subj like '%วัฒนธรรม%' and mid<>'13399120828' order by rand() limit 3
|
ยังไม่เคยถูกคอมเมนท์
|
| คอมเมนท์ทรัพยากรรายการนี้ |
|